000 02327nam a2200565 i 4500
001 25855
003 KOSZ 005
005 20240405063040.0
008 200729s1973 pl a f 000 0 pol
015 _aUWD 1974/803
035 _a991028092699705066
035 _a(PL-WaBN)b17608879-48omnis_nlop
035 _ab17608879
035 _a(OCoLC)749235806
035 _a(PL)b0000001760887
035 _a(EXLNZ-48OMNIS_NETWORK)9910496827905606
040 _aWA N
_cWA N
_dKOSZ 005/RW
041 0 _apol
_beng
_brus
045 2 _bd1945
_bd1989
046 _k1973
080 _a378(4+73)
245 0 0 _aSzkolnictwo wyższe w wybranych krajach Europy zachodniej i Stanach Zjednoczonych /
_cpod redakcją Zygmunta Komorowskiego ; Ministerstwo Nauki, Szkolnictwa Wyższego i Techniki. Instytut Polityki Naukowej i Szkolnictwa Wyższego.
260 _aWarszawa :
_bPaństwowe Wydawnictwo Naukowe,
_c1973.
300 _a149, [2] stron ;
_bilustracje, wykresy ;
_c24 cm.
336 _aTekst
_btxt
_2rdacontent
337 _aBez urządzenia pośredniczącego
_bn
_2rdamedia
338 _aWolumin
_bnc
_2rdacarrier
380 _aKsiążki
380 _aPublikacje naukowe
388 1 _a1901-2000
388 1 _a1945-1989
490 1 _aDokumenty, Informacje, Bibliografie / Ministerstwo Nauki, Szkolnictwa Wyższego i Techniki.
504 _aBibliografia przy niektórych pracach.
546 _aStreszczenie w języku angielskim, rosyjskim.
648 7 _a1901-2000
_2DBN
648 7 _a1945-1989
_2DBN
650 7 _aSzkolnictwo wyższe
_2DBN
650 7 _aOrganizacja
651 7 _aEuropa Zachodnia
651 7 _aStany Zjednoczone (USA)
655 7 _aPraca zbiorowa
658 _aEdukacja i pedagogika
700 1 _aKomorowski, Zygmunt
_d(1925-1992)
_eRedakcja
710 2 _aPolska.
_bMinisterstwo Nauki, Szkolnictwa Wyższego i Techniki.
_bInstytut Polityki Naukowej i Szkolnictwa Wyższego
710 2 _aPaństwowe Wydawnictwo Naukowe
_4pbl
830 0 _aDokumenty, Informacje, Bibliografie - Ministerstwo Nauki, Szkolnictwa Wyższego i Techniki
856 _uhttp://koha.tu.koszalin.pl/cgi-bin/koha/opac-detail.pl?biblionumber=25855
_yKatalog online BPK
942 _2UKD
_cKS
999 _c25855
_d25855